Statistics for Countries Colonized by Russia by Continent

Click here to take the quiz!

General Stats

  • This quiz has been taken 166 times
    (135 since last reset)
  • The average score is 17 of 18

Answer Stats

HintAnswer% Correct
EuropeUkraine
100%
EuropeBelarus
98%
North AmericaUnited States
98%
EuropeLatvia
97%
EuropeEstonia
96%
EuropeLithuania
96%
EuropeFinland
95%
AsiaGeorgia
95%
AsiaKazakhstan
95%
AsiaTajikistan
95%
AsiaTurkmenistan
95%
AsiaUzbekistan
95%
AsiaArmenia
94%
AsiaMongolia
93%
AsiaAzerbaijan
91%
AsiaKyrgyzstan
91%
EuropeMoldova
91%
EuropePoland
89%

Score Distribution

Percentile by Number Answered

Percent of People with Each Score

Your Score History

You have not taken this quiz since the last reset